LEADER 01036nam a2200241 i 4500 001 000000234633 003 CaOOAMICUS 005 20210714151042.0 008 141017s1946 it u000 u ita u 013 $a213536 040 $aSeMil$bita 100 1 $aOlivetti, Adriano <1901-1960>.$0(OLS)http://semarc/name/53051 245 12$aL'ordine Politico delle Comunità :$bdello Stato secondo le leggi dello spirito /$cAdriano Olivetti. 250 $a2. ed. 264 1$aRoma :$bEdizioni di Comunità,$cstampa 1946. 300 $aXIX, 387 p. ;$c23 cm. 650 4$aComunità - Politica.$0(OLS)http://semarc/subject/41762 650 4$aMovimento Comunità.$0(OLS)http://semarc/subject/41784 850 $aSeMil 852 $aSeMil$W1$xVenegono$y1$m3M IV 115$j184979$B184979$CSeMilBibl$Z2$F195909 $81 996 $6245$aL'ordine Politico delle Comunità :$bdello Stato secondo le leggi dello spirito$9(OLS)http://semarc/title/334815 996 $6264$aRoma :$bEdizioni di Comunità$9(OLS)http://semarc/publisher/54098 LEADER 00989nas a2200229 i 4500 001 000000184121 003 CaOOAMICUS 005 20091217000000.0 008 091217b1988 vc uu u0 0mul r 013 $a162099 040 $aSeMil$bita 245 10$a1987 /$cWilli Henkel and Josef Metzler. 260 $aVatican City :$bPontifical Urban[iana] University,$c1988. 300 $a336 p. ;$c24 cm. 700 1 $aHenkel, Willi .$0(OLS)http://semarc/name/3472 700 1 $aMetzler, Josef,$c.$0(OLS)http://semarc/name/16507 773 0 $tBibliographia Missionaria.$dVatican City : Pontifical Urban[iana] University, 1987.$x0394-9869$w()1990 850 $aSeMil 852 $aSeMil$W1$xVenegono$y1$m§ 199 6 151$j253277$B134817$CSeMilBibl$Z2$F146472 $85 961 $aAbbonamento: Pontificia Università Urbaniana 996 $6245$a1987$9(OLS)http://semarc/title/120747 996 $6260$aVatican City :$bPontifical Urban[iana] University$9(OLS)http://semarc/publisher/30494